000
00282nam a22001217a 4500
082
_a
823
_b
BRE/W
100
_a
BREDMAN, TONY
245
_a
WHAT'S WRONG WITH BERTIE
260
_a
UNITED KINGDOM
_b
LADYBIRD BOOKS
300
_a
15
650
_a
ENGLISH STORY
_z
UNITED KINGDOM
942
_c
BK
999
_c
7506
_d
7506